Orthopedic physical examination tests : (رقم التسجيلة. 21204)

تفاصيل مارك
000 -الفاتح
حقل البيانات ثابتة الطول 01589cam a22004097a 4500
001 - رقم الضبط
رقم الضبط 15276430
003 - محدد رقم الضبط
رقم الضبط OSt
005 - وقت وتاريخ اخر تعامل مع التسجيلة
رقم الضبط 20150408114011.0
007 - الحقل الثابت للوصف المادى- معلومات عامة
حقل البيانات ثابتة الطول co ugu||||||||
008 - عناصر البيانات ثابتة الطول - معلومات عامة
حقل البيانات ثابتة الطول 080425s2008 njua bf 001 0 eng
010 ## - رقم ضبط مكتبة الكونجرس
رقم ضبط مكتبة الكونجرس 2008273568
016 7# - رقم ضبط الوكاله الوطنية للضبط الببليوجرافي
رقم ضبط التسجيلة 101315338
المصدر DNLM
020 ## - الرقم الدولى المعيارى للكتب
الرقم الدولى المعيارى للكتاب 9780131791008
020 ## - الرقم الدولى المعيارى للكتب
الرقم الدولى المعيارى للكتاب 0131791001
035 ## - رقم ضبط النظام
رقم ضبط النظام (OCoLC)ocn144219897
040 ## - مصدر الفهرسة
وكالة الفهرسة الأصلية NLM
وكالة النسخ NLM
وكالة التعديل BTCTA
-- BAKER
-- YDXCP
-- GZN
-- GZM
-- DLC
042 ## - رمز التحقق
رمز التحقق nlmcopyc
-- lccopycat
050 00 - رقم طلب مكتبة الكونجرس
رقم التصنيف RM724
رقم المادة .C66 2008
060 00 - رقم الطلب بالمكتبة الطبية الوطنية
رقم التصنيف 2007 I-907
060 10 - رقم الطلب بالمكتبة الطبية الوطنية
رقم التصنيف WE 39
رقم المادة C771o 2008
082 00 - رقم تصنيف ديوى العشرى
رقم التصنيف 616.7075
رقم الطبعة 22
100 1# - المدخل الرئيسى - إسم شخصى
الإسم الشخصى Cook, Chad.
9 (RLIN) 10214
245 10 - بيان العنوان
العنوان Orthopedic physical examination tests :
بقية العنوان an evidence-based approach /
بيان المسئوليه,etc Chad E. Cook, Eric J. Hegedus.
260 ## - PUBLICATION, DISTRIBUTION, ETC. (IMPRINT)
مكان الناشر او الموزع Upper Saddle River, N. J. :
اسم الناشر او الموزع PearsonPrentice Hall,
تاريخ النشر أو التوزيع c2008.
300 ## - الوصف المادى
التعداد xv, 399 p. :
تفاصيل ماديه اخرى للوعاء col. ill. ;
أبعاد الوعاء 26 cm. +
المادة المصاحبة 1 CD-ROM (4 3/4 in.)
504 ## - تبصرة ببليوجرافية
تبصرة ببليوجرافية,الخ Includes bibliographical references and index.
538 ## - تبصرة تفاصيل النظام
تبصرة التفاصيل الفنية لملف الحاسب System requirements for accompanying CD-ROM: Windows 98 or later; Macintosh 9.X and OSX.
650 12 - المدخل الاضافى بالموضوع-مصطلح موضوعى
مصطلح موضوعي أو اسم جغرافي كعنصر مدخل Musculoskeletal Diseases
التقسيم الفرعي العام diagnosis
التقسيم الفرعي الشكلي Handbooks.
9 (RLIN) 10215
650 22 - المدخل الاضافى بالموضوع-مصطلح موضوعى
مصطلح موضوعي أو اسم جغرافي كعنصر مدخل Evidence-Based Medicine
التقسيم الفرعي العام methods
التقسيم الفرعي الشكلي Handbooks.
9 (RLIN) 10216
650 22 - المدخل الاضافى بالموضوع-مصطلح موضوعى
مصطلح موضوعي أو اسم جغرافي كعنصر مدخل Physical Examination
التقسيم الفرعي الشكلي Handbooks.
9 (RLIN) 5527
650 #0 - المدخل الاضافى بالموضوع-مصطلح موضوعى
مصطلح موضوعي أو اسم جغرافي كعنصر مدخل Manipulation (Therapeutics)
9 (RLIN) 10217
650 #0 - المدخل الاضافى بالموضوع-مصطلح موضوعى
مصطلح موضوعي أو اسم جغرافي كعنصر مدخل Orthopedics.
9 (RLIN) 10174
650 #0 - المدخل الاضافى بالموضوع-مصطلح موضوعى
مصطلح موضوعي أو اسم جغرافي كعنصر مدخل Medicine, Physical.
9 (RLIN) 10218
700 1# - المدخل الاضافى - اسم شخصى
الإسم الشخصى Hegedus, Eric J.
9 (RLIN) 10219
942 ## - عناصر المدخل الإضافي( كوها)
مصدر التصنيف او مخطط الترفيف Dewey Decimal Classification
Koha [default] item type كتاب
المقتنيات
حالة الفقد نموذج السعر الفعال حالة تلف ليس للاعارة رقم الطلب تاريخ الاكتساب الموقع الحالي الباركود الفرع الرئيسي Date last checked out Date last seen مُعار نوع المادة فى نظام كوها مصدر التصنيف او خطة الترفيف Total Checkouts
  2013-03-10     616.7075 C C O 2012-04-12 مكتبة كلية العلوم الطبية التطبيقية بالمجمعة - طالبات (AMF) 00076778 مكتبة كلية العلوم الطبية التطبيقية بالمجمعة - طالبات (AMF) 2018-09-20 2018-09-20 2018-12-19 كتاب Dewey Decimal Classification 1